Central Library OPAC University of Rajshahi

গদ্যসংগ্রহ / (Record no. 81506)

MARC details
000 -LEADER
fixed length control field 01052nam a2200265 a 4500
001 - CONTROL NUMBER
control field 81506
003 - CONTROL NUMBER IDENTIFIER
rucl marc code BD-RjUL
005 - DATE AND TIME OF LATEST TRANSACTION
control field 20230605120132.0
008 - FIXED-LENGTH DATA ELEMENTS--GENERAL INFORMATION
fixed length control field 230604s2014 ii ||||| |||| 00| 0 ben d
020 ## - INTERNATIONAL STANDARD BOOK NUMBER
International Standard Book Number 9788129520371 (Vol.1)
035 ## - SYSTEM CONTROL NUMBER
System control number (BD-RjUL)81506
040 ## - CATALOGING SOURCE
Original cataloging agency BD-RjUL
Language of cataloging eng
Transcribing agency BD-RjUL
041 ## - LANGUAGE CODE
Language code of text/sound track or separate title ben
082 ## - DEWEY DECIMAL CLASSIFICATION NUMBER
Edition number 23
Classification number 891.44408
Author mark and year CHG 2014
100 ## - MAIN ENTRY--PERSONAL NAME
Personal name চট্টোপাধ্যায়, শক্তি
9 (RLIN) 7849
245 10 - TITLE STATEMENT
Title গদ্যসংগ্রহ /
Statement of responsibility, etc. শক্তি চট্টোপাধ্যায়
246 ## - VARYING FORM OF TITLE
Title proper/short title শক্তি চট্টোপাধ্যায়-এর গদ্যসংগ্রহ
250 ## - EDITION STATEMENT
Edition statement ২য় সং.
260 ## - PUBLICATION, DISTRIBUTION, ETC. (IMPRINT)
Place of publication, distribution, etc. কলকাতা :
Name of publisher, distributor, etc. দে’জ পাবলিশিং,
Date of publication, distribution, etc. ২০১৪
300 ## - PHYSICAL DESCRIPTION
Pagination খণ্ড;
Size ২২ সেমি.
505 ## - FORMATTED CONTENTS NOTE
Formatted contents note খণ্ড.১ম নিরুপমের আখ্যান --
650 ## - SUBJECT ADDED ENTRY--TOPICAL TERM
Topical term or geographic name as entry element বাংলা প্রবন্ধ
General subdivision সংগ্রহ
9 (RLIN) 7850
Topical term or geographic name as entry element Bengali essays
General subdivision Collection
9 (RLIN) 7851
942 ## - ADDED ENTRY ELEMENTS (KOHA)
Source of classification or shelving scheme Dewey Decimal Classification
Koha item type Books
Holdings
Lost status Source of classification or shelving scheme Damaged status Not for loan Collection code Permanent Location Current Location Shelving location Date acquired Source of acquisition Cost, normal purchase price Total Checkouts Full call number Date last seen Copy number Koha item type
  Dewey Decimal Classification   Not For Loan Non-fiction Central Library, University of Rajshahi Central Library, University of Rajshahi Reading Room 30/05/2023 Dhaka: Omni Concept 540.00   B 891.44408 CHG V-1 2014 05/06/2023 C-1 Books
  Dewey Decimal Classification     Non-fiction Central Library, University of Rajshahi Central Library, University of Rajshahi General Stacks 30/05/2023 Dhaka: Omni Concept 540.00   B 891.44408 CHG 2014 09/07/2023 C-2 Books